000 00575nam a2200229Ia 4500
999 _c96292
_d96292
003 0100
005 20170313095232.0
008 130307s9999 xx 000 0 und d
020 _a0815803524
040 _cARRUPELIB
050 _aBJ1401.H33 1978
100 _aHagerty , Cornelius J
_927459
245 4 _aThe problem of evil
260 _aNorth Queen , Mass.
260 _bChristopher Publishing House
260 _c1978
300 _a325p.
300 _b24cm.
650 _aGood and evil
_927460
942 _2lcc
_cMONOGRAPH